00640 2200241 4500001002100000005001500021035002000036007000300056008004100059020001800100082001000118084001600128100001800144245006900162250001000231260004400241300003100285650001800316700001700334700001100351500002500362990001100387INLIS00000000000781120210331095625 a0010-0321001181ta210331 d 1 ind  a979-20-6887-2 a741.5 a741.5 HIR r0 aHIRO, Mashima1 aRave 23 /cHiro Mashima; penerjemah, M. Gunarsah; editor, Nining acet.1 aJakarta :bElex Media Komputindo,c2005 a185 hal. :bilus. ;c17 cm 4aKOMIK. BACAAN0 aGUNARSAH, M.0 aNINING aJudul asli : Rave 23 a6148 a